Lutece ou premier plan de Ville de Paris. (Record no. 8030)

MARC details
000 -CABECERA
campo de control de longitud fija 01009nam a2200265 a 4500
001 - NÚMERO DE CONTROL
campo de control BRCA_8362
005 - FECHA Y HORA DE LA ÚLTIMA TRANSACCIÓN
campo de control 20190320210241.0
008 - DATOS DE LONGITUD FIJA--INFORMACIÓN GENERAL
campo de control de longitud fija 290714s1800----fr-ae##f##---#000-0#fre-#
041 ## - CÓDIGO DE LENGUA
Código de lengua del texto/banda sonora o título independiente fre
044 ## - CÓDIGO DEL PAÍS DE LA ENTIDAD EDITORA/PRODUCTORA
Código MARC del país fr
050 #4 - SIGNATURA TOPOGRÁFICA DE LA BIBLIOTECA DEL CONGRESO
Número de clasificación DC729
Número de documento/Ítem .M3 1705
100 1# - ENTRADA PRINCIPAL--NOMBRE DE PERSONA
Nombre de persona Mare, Nicolas de la
Fechas asociadas al nombre 1639-1723
9 (RLIN) 20947
245 10 - MENCIÓN DE TÍTULO
Título Lutece ou premier plan de Ville de Paris.
Resto del título tiré de Cesar de Strabon, de l´Emperador Julien et d´Amian Marcelin
Mención de responsabilidad, etc. Nicolas de la Mare, cartographe et Antoine Coquart, graveur.
260 ## - PUBLICACIÓN, DISTRIBUCIÓN, ETC.
Lugar de publicación, distribución, etc. Paris
Nombre del editor, distribuidor, etc. Suis de la Curi
Fecha de publicación, distribución, etc. [1705]
300 ## - DESCRIPCIÓN FÍSICA
Extensión 1 v. (sin paginación)
Otras características físicas il., 47 láminas, planos
Dimensiones 29 cm.
500 ## - NOTA GENERAL
Nota general En lomo: PAR DEIS-3513 (invertido el número) SUIS DE LA CURI
500 ## - NOTA GENERAL
Nota general Estado físico: lomo y tapas rotas del lado de la cofia
500 ## - NOTA GENERAL
Nota general R99
650 14 - PUNTO DE ACCESO ADICIONAL DE MATERIA--TÉRMINO DE MATERIA
Término de materia o nombre geográfico como elemento de entrada Arquitectura y urbanismo
Subdivisión geográfica Paris, Francia
9 (RLIN) 20948
651 #4 - PUNTO DE ACCESO ADICIONAL DE MATERIA--NOMBRE GEOGRÁFICO
Nombre geográfico Paris
Subdivisión de forma Cartografía
9 (RLIN) 20949
651 #4 - PUNTO DE ACCESO ADICIONAL DE MATERIA--NOMBRE GEOGRÁFICO
Nombre geográfico Paris
Subdivisión general Historia
Subdivisión cronológica Siglo XVI
9 (RLIN) 20950
700 1# - PUNTO DE ACCESO ADICIONAL--NOMBRE DE PERSONA
Nombre de persona Coquart, Antoine
Término indicativo de función/relación il.
9 (RLIN) 20951
902 ## - CATALOGADOR
Iniciales GFM
942 ## - ELEMENTOS DE PUNTO DE ACCESO ADICIONAL (KOHA)
Fuente del sistema de clasificación o colocación Library of Congress Classification
Tipo de ítem Koha Libros
Holdings
Estado de retiro Estado de pérdida Estado dañado No para préstamo Localización permanente Ubicación/localización actual Fecha de adquisición Número de inventario Total de préstamos Signatura topográfica completa Código de barras Fecha visto por última vez Precio válido a partir de Tipo de ítem Koha
El ejemplar forma parte de la colección y puede ser consultado según las políticas vigentes.       Biblioteca del Museo Franz Mayer (Rogerio Casas-Alatriste) Biblioteca del Museo Franz Mayer (Rogerio Casas-Alatriste) 29/07/2014 R99   DC729 .M3 1705 (R99) 8986 22/03/2019 22/03/2019 Libros